[Event "1er tournoi de Maîtres"]
[Site "Montigny le Bretonneux"]
[Date "2013.10.19"]
[Round "1.1"]
[White "Saada, Julien"]
[Black "Guliyev, Namig"]
[Result "1/2-1/2"]
[WhiteElo "2332"]
[BlackElo "2559"]
[Annotator "Rivier,Sylvain"]
[PlyCount "90"]
[EventDate "2013.??.??"]

{Gambit dame accepté} 1. d4 d5 2. c4 dxc4 3. Nf3 Nf6 4. e3 e6 5. Bxc4 a6 6. O-O
b5 7. Bd3 Bb7 8. Qe2 Nbd7 9. Rd1 c5 10. dxc5 Bxc5 11. a3 Qe7 12. b4 Bd6 13. Bb2
e5 14. e4 O-O 15. Nbd2 Nb6 16. Rac1 Na4 17. Ba1 Rfc8 18. Nb3 Rxc1 19. Rxc1 Rc8
20. Rxc8+ Bxc8 21. Qc2 Bd7 22. Na5 Qe8 23. Nb7 Bb8 24. Nc5 Nxc5 25. Qxc5 Bc6
26. Bxe5 Bxe4 27. Bxe4 Nxe4 28. Qd5 Bxe5 29. Nxe5 Nf6 30. Qd6 h6 31. h3 Ne4 32.
Qd4 Ng5 33. h4 Ne6 34. Qd7 Qxd7 35. Nxd7 f5 36. Kf1 Kf7 37. Ke2 Ke7 38. Nb8 Nc7
39. Ke3 Kd6 40. Kd4 g5 41. hxg5 hxg5 42. g3 g4 43. Ke3 Kd5 44. Kd3 Ke6 45. Nc6
Kd6 1/2-1/2

[Event "1er tournoi de Maîtres"]
[Site "Montigny le Bretonneux"]
[Date "2013.10.20"]
[Round "1.2"]
[White "Serafimov, Tervel"]
[Black "Todorov, Todor"]
[Result "1/2-1/2"]
[WhiteElo "2438"]
[BlackElo "2480"]
[Annotator "Rivier,Sylvain"]
[PlyCount "24"]
[EventDate "2013.??.??"]

{Ouverture anglaise, variante des quatre cavaliers, structure du dragon} 1. c4
e5 2. g3 Nc6 3. Bg2 Nf6 4. Nf3 d5 5. cxd5 Nxd5 6. Nc3 Nb6 7. O-O Be7 8. d3 O-O
9. a3 a5 10. Be3 Be6 11. Na4 Nd5 12. Bc5 f6 1/2-1/2

[Event "1er tournoi de Maîtres"]
[Site "Montigny le Bretonneux"]
[Date "2013.10.19"]
[Round "1.3"]
[White "Van Dongen, Patrick"]
[Black "Moroni, Luca Jr"]
[Result "1-0"]
[WhiteElo "2339"]
[BlackElo "2287"]
[Annotator "Rivier,Sylvain"]
[PlyCount "141"]
[EventDate "2013.??.??"]

{Défense sicilienne, système fermé} 1. e4 c5 2. Nc3 d6 3. g3 Nc6 4. Bg2 g6 5.
d3 Bg7 6. f4 e6 7. Nf3 Nge7 8. Be3 Nd4 9. O-O O-O 10. e5 Nef5 11. Bf2 Nxf3+ 12.
Qxf3 Nd4 13. Qd1 dxe5 14. fxe5 Bxe5 15. Ne4 Nf5 16. Nxc5 Rb8 17. c3 b6 18. d4
bxc5 19. dxe5 Rxb2 20. g4 Ne7 21. Bxc5 Rd2 22. Qf3 Qc7 23. Qe3 Rxg2+ 24. Kxg2
Bb7+ 25. Kh3 Nd5 26. Qd4 Rc8 27. c4 Qxc5 28. Qxc5 Rxc5 29. cxd5 Rxd5 30. Rad1
Rxe5 31. Rd8+ Kg7 32. Rd7 Re3+ 33. Kh4 Bf3 34. Rxa7 e5 35. g5 Bd5 36. Rf6 h6
37. Rd6 Bc4 38. Rc6 Bd5 39. Rd6 Bc4 40. Rc6 hxg5+ 41. Kxg5 Bd3 42. Rf6 Bc4 43.
Rxg6+ Kh7 44. Rc6 Bd5 45. Rd6 Bc4 46. Rc6 Bd5 47. Rc5 Be6 48. Kf6 Re2 49. a4
Rxh2 50. Rxe5 Rf2+ 51. Ke7 Kg7 52. Rg5+ Kh6 53. Rg1 Re2 54. a5 Ra2 55. Kf6 Rf2+
56. Ke5 Ra2 57. Kf6 Rf2+ 58. Ke5 Ra2 59. Ra8 Kh7 60. Kf6 Rf2+ 61. Ke5 Ra2 62.
Kd6 Rd2+ 63. Ke5 Re2+ 64. Kd4 Rd2+ 65. Ke3 Ra2 66. Rg5 Kh6 67. Rag8 Ra3+ 68.
Kd4 Ra4+ 69. Ke5 Rxa5+ 70. Kf6 Kh7 71. R5g7+ 1-0

[Event "1er tournoi de Maîtres"]
[Site "Montigny le Bretonneux"]
[Date "2013.10.19"]
[Round "1.4"]
[White "Lamorelle, Julien"]
[Black "Rettore, Ludwig"]
[Result "1-0"]
[WhiteElo "2326"]
[BlackElo "2113"]
[Annotator "Rivier,Sylvain"]
[PlyCount "81"]
[EventDate "2013.??.??"]

{Gambit du roi} 1. e4 e5 2. Nc3 Nf6 3. Bc4 Nc6 4. d3 Bc5 5. f4 d6 6. Nf3 a6 7.
Nd5 O-O 8. f5 Nxd5 9. Bxd5 Nd4 10. Nxd4 Bxd4 11. c3 Ba7 12. Qf3 c6 13. Bb3 d5
14. Be3 dxe4 15. dxe4 Qd3 16. Bxa7 Qxf3 17. gxf3 Rxa7 18. O-O-O b5 19. c4 a5
20. a3 a4 21. Ba2 bxc4 22. Rd6 c3 23. bxc3 Ba6 24. Rg1 Be2 25. Kd2 Bxf3 26. Ke3
Bh5 27. Rg5 g6 28. f6 Ra5 29. Rxc6 h6 30. Rg2 g5 31. Rd2 Rb5 32. c4 Rb7 33. c5
Rfb8 34. Rcd6 Rc7 35. c6 Rb6 36. Bd5 Rb1 37. Rd7 Rc8 38. c7 Kh7 39. Bxf7 Bxf7
40. Rxf7+ Kg6 41. Rd8 1-0

[Event "1er tournoi de Maîtres"]
[Site "Montigny le Bretonneux"]
[Date "2013.10.19"]
[Round "1.5"]
[White "Dionisi, Thomas"]
[Black "Valuet, Bertrand"]
[Result "1-0"]
[WhiteElo "2323"]
[BlackElo "2300"]
[Annotator "Rivier,Sylvain"]
[PlyCount "135"]
[EventDate "2013.??.??"]

{Défense sicilienne, variante Scheveningue} 1. e4 c5 2. Nf3 d6 3. d4 cxd4 4.
Nxd4 Nf6 5. Nc3 a6 6. Be2 e6 7. O-O b5 8. Bf3 Ra7 9. Be3 Rc7 10. Nb3 Nbd7 11.
a4 b4 12. Na2 Bb7 13. Na5 Bxe4 14. Bxe4 Nxe4 15. Nxb4 Qa8 16. Qe2 Nec5 17. Rfd1
Be7 18. Bf4 Qe4 19. Qxe4 Nxe4 20. f3 g5 21. Be3 Nec5 22. Nbc6 Nb7 23. c4 Ne5
24. Nxe5 Nxa5 25. Bb6 Rc8 26. Bxa5 dxe5 27. Rac1 Bc5+ 28. Kf1 Rg8 29. b4 Be3
30. Rc2 g4 31. Ke2 Bd4 32. c5 gxf3+ 33. Kxf3 f5 34. g3 Rg4 35. c6 Re4 36. c7
Re3+ 37. Kg2 Ra3 38. Rc6 Kd7 39. Rxa6 Rxa4 40. b5 Rxa5 41. Rxa5 Rxc7 42. Rb1
Kd6 43. b6 Rb7 44. Ra7 Kc6 45. Rxb7 Kxb7 46. Rb5 e4 47. Kf1 e5 48. Rd5 Kxb6 49.
Rd6+ Kc5 50. Rf6 f4 51. gxf4 exf4 52. Rxf4 Be5 53. Rh4 Kd4 54. Ke2 Kd5 55. Rxh7
Ke6 56. Ke3 Kf6 57. Kxe4 Kg6 58. Rh3 Bd6 59. Kf3 Kg7 60. Kg4 Kg6 61. Rh5 Be7
62. h4 Bf6 63. Rb5 Bd8 64. Rb8 Be7 65. Rb6+ Kf7 66. Kh5 Kf8 67. Rb7 Bf6 68. Rh7
1-0

[Event "1er tournoi de Maîtres"]
[Site "Montigny le Bretonneux"]
[Date "2013.10.20"]
[Round "2.1"]
[White "Guliyev, Namig"]
[Black "Serafimov, Tervel"]
[Result "1-0"]
[WhiteElo "2559"]
[BlackElo "2438"]
[Annotator "Rivier,Sylvain"]
[PlyCount "81"]
[EventDate "2013.??.??"]

{Défense Caro-Kann, variante principale} 1. e4 c6 2. d4 d5 3. Nc3 dxe4 4. Nxe4
Bf5 5. Ng3 Bg6 6. Nh3 e6 7. Nf4 Qh4 8. Be3 Nh6 9. Qd2 Nf5 10. Nxf5 Bxf5 11.
O-O-O Bd6 12. f3 h6 13. g4 Bh7 14. Nh5 Rg8 15. Bxh6 gxh6 16. Qxh6 Qg5+ 17. Qxg5
Rxg5 18. Nf6+ Ke7 19. Nxh7 Rg7 20. Bd3 Nd7 21. h4 f6 22. Rde1 Bg3 23. Bf5 Bxe1
24. Rxe1 Rh8 25. Rxe6+ Kd8 26. Nxf6 Nxf6 27. Rxf6 Rxh4 28. Kd2 Re7 29. Rf8+ Kc7
30. Be4 Rxg4 31. fxg4 Rxe4 32. Rf7+ Kb6 33. g5 Rxd4+ 34. Ke3 Rg4 35. Rf5 a5 36.
Kf3 Rg1 37. Re5 a4 38. Kf4 Rf1+ 39. Kg4 Rg1+ 40. Kf5 Rg2 41. g6 1-0

[Event "1er tournoi de Maîtres"]
[Site "Montigny le Bretonneux"]
[Date "2013.10.20"]
[Round "2.3"]
[White "Van Dongen, Patrick"]
[Black "Saada, Julien"]
[Result "1/2-1/2"]
[WhiteElo "2339"]
[BlackElo "2332"]
[Annotator "Rivier,Sylvain"]
[PlyCount "33"]
[EventDate "2013.??.??"]

{Gambit dame, variante d'échange} 1. d4 d5 2. c4 e6 3. Nc3 Nf6 4. Bg5 Nbd7 5.
e3 c6 6. cxd5 exd5 7. Bd3 Be7 8. Qc2 O-O 9. Nf3 Re8 10. O-O Nf8 11. Rab1 Ne4
12. Bxe7 Qxe7 13. b4 Nxc3 14. Qxc3 Be6 15. Rfc1 Rac8 16. Qc5 a6 17. Qxe7
1/2-1/2

[Event "1er tournoi de Maîtres"]
[Site "Montigny le Bretonneux"]
[Date "2013.10.20"]
[Round "2.5"]
[White "Moroni, Luca Jr"]
[Black "Rettore, Ludwig"]
[Result "0-1"]
[WhiteElo "2287"]
[BlackElo "2113"]
[Annotator "Rivier,Sylvain"]
[PlyCount "98"]
[EventDate "2013.??.??"]

{Ouverture anglaise, variante néo-catalane refusée} 1. Nf3 Nf6 2. c4 e6 3. g3
d5 4. Bg2 Be7 5. O-O O-O 6. b3 c5 7. e3 b6 8. Bb2 Bb7 9. Nc3 Nbd7 10. Qe2 Rc8
11. Rac1 Qc7 12. d3 Rfd8 13. Rfd1 Qb8 14. e4 d4 15. Nb1 e5 16. Rf1 a6 17. Bh3
b5 18. Na3 Bc6 19. Rce1 Qc7 20. Bc1 b4 21. Nb1 a5 22. Nh4 Ra8 23. f4 a4 24. Nf5
Bf8 25. fxe5 Nxe5 26. Bg5 axb3 27. axb3 Ra6 28. Nh6+ gxh6 29. Bxf6 Bg7 30. Rf5
Bxf6 31. Rxf6 Rd6 32. Rf5 Rg6 33. Rf4 Nxd3 34. Qxd3 Qxf4 35. Bf5 Rg5 36. Rf1
Qe3+ 37. Qxe3 dxe3 38. Re1 Ra1 39. Kf1 Rxf5+ 40. exf5 Be4 41. Rxe3 Rxb1+ 42.
Kf2 Rb2+ 43. Ke1 Bxf5 44. Re5 Be6 45. Rxc5 Rxb3 46. Rc7 Rc3 47. c5 b3 48. Kd2
Rc2+ 49. Kd3 Rxh2 0-1

[Event "1er tournoi de Maîtres"]
[Site "Montigny le Bretonneux"]
[Date "2013.10.21"]
[Round "3.1"]
[White "Dionisi, Thomas"]
[Black "Guliyev, Namig"]
[Result "0-1"]
[WhiteElo "2323"]
[BlackElo "2559"]
[Annotator "Rivier,Sylvain"]
[PlyCount "158"]
[EventDate "2013.??.??"]

{Défense sicilienne, variante Alapine} 1. e4 c5 2. Nf3 e6 3. c3 d5 4. exd5 Qxd5
5. d4 Nf6 6. Bd3 Nc6 7. O-O cxd4 8. cxd4 Be7 9. Nc3 Qh5 10. Ne5 Qxd1 11. Rxd1
O-O 12. Nxc6 bxc6 13. Na4 Rb8 14. b3 Rd8 15. Bb2 Bd7 16. Rac1 Be8 17. Nc5 Nd5
18. Kf1 g6 19. Bb1 a5 20. Be4 Bg5 21. Rc4 Bf6 22. Rcc1 Nb4 23. Bb1 Bg7 24. Ke2
Bh6 25. Rc4 Nd5 26. g3 Rb4 27. Nd3 Rb5 28. Nc5 Ra8 29. Na4 Rab8 30. Ba3 Nb4 31.
Nc5 Bg7 32. Bb2 Nd5 33. Na4 Rb4 34. Ba3 Rxc4 35. bxc4 c5 36. cxd5 Bxa4 37. Rc1
Bxd4 38. dxe6 fxe6 39. Bd3 Rc8 40. Bc4 Kf7 41. f4 Bc6 42. Rb1 Rc7 43. Rb6 Kf6
44. Ra6 a4 45. Bc1 Bd7 46. Rb6 Rc6 47. Rb8 Rd6 48. Rh8 h5 49. Rh7 Bc6 50. Bd3
Rd8 51. h3 Rd7 52. Rh6 Rg7 53. g4 hxg4 54. hxg4 Bd5 55. a3 Kf7 56. Rh8 Bb3 57.
Bb5 Ke7 58. Be3 g5 59. fxg5 Bxe3 60. Kxe3 Rxg5 61. Kf4 Rd5 62. Rh7+ Kf6 63.
Rh6+ Kf7 64. Rh7+ Kg6 65. Rc7 Kf6 66. Be8 e5+ 67. Ke3 c4 68. Rf7+ Ke6 69. Ra7
Rd3+ 70. Ke2 Bd1+ 71. Ke1 c3 72. Bg6 c2 73. Rc7 Rxa3 74. Bxc2 Bxc2 75. Rxc2
Ra1+ 76. Kd2 Rg1 77. Rc6+ Kd5 78. Ra6 Rxg4 79. Ra5+ Ke6 0-1

[Event "1er tournoi de Maîtres"]
[Site "Montigny le Bretonneux"]
[Date "2013.10.21"]
[Round "3.2"]
[White "Lamorelle, Julien"]
[Black "Todorov, Todor"]
[Result "1/2-1/2"]
[WhiteElo "2326"]
[BlackElo "2480"]
[Annotator "Rivier,Sylvain"]
[PlyCount "97"]
[EventDate "2013.??.??"]

{Défense scandinave} 1. e4 d5 2. exd5 Qxd5 3. Nf3 Nf6 4. Be2 Bg4 5. c4 Qd6 6.
d4 e6 7. Nc3 c6 8. h3 Bxf3 9. Bxf3 Be7 10. O-O O-O 11. d5 Rd8 12. dxc6 Nxc6 13.
Qxd6 Rxd6 14. Be3 a6 15. Rfd1 Rad8 16. Rxd6 Bxd6 17. Rd1 Be5 18. Rxd8+ Nxd8 19.
Na4 Nd7 20. b4 Bc7 21. Nc5 Nxc5 22. Bxc5 f6 23. a4 b6 24. Be3 Kf7 25. c5 b5 26.
axb5 axb5 27. Bd2 e5 28. Be2 Ke6 29. Bxb5 Kd5 30. Be3 e4 31. Bd7 Nf7 32. b5 Ne5
33. Be8 Ba5 34. b6 f5 35. Bf4 g5 36. Bf7+ Kd4 37. Bxe5+ Kxe5 38. b7 Bc7 39. Kf1
Kd4 40. c6 e3 41. Ke2 exf2 42. Kxf2 h6 43. Kf3 Kc5 44. Be8 Kb6 45. Bd7 g4+ 46.
hxg4 fxg4+ 47. Kxg4 Ka7 48. Bc8 Kb8 49. Kf5 1/2-1/2

[Event "1er tournoi de Maîtres"]
[Site "Montigny le Bretonneux"]
[Date "2013.10.21"]
[Round "3.3"]
[White "Serafimov, Tervel"]
[Black "Van Dongen, Patrick"]
[Result "1-0"]
[WhiteElo "2438"]
[BlackElo "2339"]
[Annotator "Rivier,Sylvain"]
[PlyCount "57"]
[EventDate "2013.??.??"]

{Ouverture anglaise, variante Nimzovitch} 1. g3 e5 2. Bg2 d5 3. c4 c6 4. d4
dxc4 5. dxe5 Qxd1+ 6. Kxd1 Be6 7. Bh3 Bxh3 8. Nxh3 Nd7 9. f4 Nc5 10. Nd2 b5 11.
Kc2 Nh6 12. Nf2 Nf5 13. Nf3 O-O-O 14. g4 Nd4+ 15. Nxd4 Rxd4 16. Be3 Rd8 17. b3
cxb3+ 18. axb3 Kb7 19. Nd3 Rd5 20. Bxc5 Bxc5 21. e4 Rxd3 22. Kxd3 Rd8+ 23. Kc2
Kb6 24. Rhd1 Bd4 25. b4 Rd7 26. Ra3 c5 27. bxc5+ Kxc5 28. Ra6 Kb4 29. Kb1 1-0

[Event "1er tournoi de Maîtres"]
[Site "Montigny le Bretonneux"]
[Date "2013.10.21"]
[Round "3.4"]
[White "Saada, Julien"]
[Black "Moroni, Luca Jr"]
[Result "1/2-1/2"]
[WhiteElo "2332"]
[BlackElo "2287"]
[Annotator "Rivier,Sylvain"]
[PlyCount "124"]
[EventDate "2013.??.??"]

{Gambit dame refusé} 1. d4 d5 2. Nf3 Nf6 3. c4 e6 4. e3 Nbd7 5. Nbd2 b6 6. cxd5
exd5 7. Bb5 Bb7 8. Ne5 a6 9. Bc6 Bxc6 10. Nxc6 Qc8 11. Nf3 Bd6 12. Bd2 a5 13.
O-O O-O 14. Nfe5 Re8 15. Nd3 Nb8 16. Nce5 c5 17. Rc1 c4 18. b3 Ba3 19. Rc2 b5
20. Qf3 Nbd7 21. Rb1 Nxe5 22. Nxe5 Qc7 23. bxc4 bxc4 24. h3 Rab8 25. Rxb8 Rxb8
26. g4 Ne4 27. Bxa5 Qxa5 28. Qxf7+ Kh8 29. Qe6 Nd6 30. Kg2 Rf8 31. g5 Qd8 32.
h4 Qc8 33. Qxd5 Qf5 34. Re2 c3 35. e4 Nxe4 36. Qxe4 Qxe4+ 37. Rxe4 c2 38. Nd3
c1=Q 39. Nxc1 Bxc1 40. Kg3 Kg8 41. d5 Bb2 42. f4 Rd8 43. Re2 Bc1 44. Rc2 Ba3
45. Rd2 Kf7 46. f5 Bd6+ 47. Kg4 Ra8 48. Rb2 Ra7 49. h5 Be5 50. Rb4 Bd6 51. Rb2
Ke7 52. Re2+ Kf7 53. g6+ hxg6 54. fxg6+ Kf8 55. Kf5 Ba3 56. Rc2 Ke7 57. Ke5
Bd6+ 58. Kf5 Ra5 59. Re2+ Kd7 60. Rd2 Ke7 61. Re2+ Kd7 62. Rd2 Ke7 1/2-1/2

[Event "1er tournoi de Maîtres"]
[Site "Montigny le Bretonneux"]
[Date "2013.10.21"]
[Round "3.5"]
[White "Rettore, Ludwig"]
[Black "Valuet, Bertrand"]
[Result "1-0"]
[WhiteElo "2113"]
[BlackElo "2300"]
[Annotator "Rivier,Sylvain"]
[PlyCount "97"]
[EventDate "2013.??.??"]

{Début Reti, attaque est-indienne} 1. Nf3 Nf6 2. g3 c5 3. Bg2 d5 4. O-O Nc6 5.
d3 e5 6. Nbd2 Bd6 7. e4 d4 8. h3 O-O 9. Nc4 Bc7 10. a4 a6 11. Nh2 Be6 12. f4 b5
13. axb5 axb5 14. Rxa8 Qxa8 15. Na3 b4 16. Nb1 Ba2 17. Nd2 b3 18. Nxb3 Bxb3 19.
cxb3 Nb4 20. f5 Qa6 21. Ng4 Nxg4 22. Qxg4 f6 23. Rd1 Qa2 24. Bf1 Qxb3 25. Bh6
Rf7 26. Be2 Na2 27. Rd2 Kf8 28. Bd1 Qb4 29. Qh4 gxh6 30. Qxh6+ Ke7 31. Bh5 Qb3
32. g4 Ba5 33. Bxf7 Qxf7 34. Rg2 Kd7 35. g5 fxg5 36. Qa6 Bd8 37. Qa7+ Ke8 38.
Qxc5 Qe7 39. Qb5+ Kf8 40. f6 Qd6 41. Qc4 Nb4 42. Rxg5 Bxf6 43. Rg8+ Ke7 44. Qc8
Qb6 45. Re8+ Kf7 46. Qd7+ Kg6 47. Qg4+ Kh6 48. Re6 Qd8 49. h4 1-0

[Event "1er tournoi de Maîtres"]
[Site "Montigny le Bretonneux"]
[Date "2013.10.22"]
[Round "4.1"]
[White "Guliyev, Namig"]
[Black "Lamorelle, Julien"]
[Result "1-0"]
[WhiteElo "2559"]
[BlackElo "2326"]
[Annotator "Rivier,Sylvain"]
[PlyCount "109"]
[EventDate "2013.??.??"]

{Défense sicilienne, variante Taïmanov} 1. e4 c5 2. Nf3 e6 3. d4 cxd4 4. Nxd4
Nf6 5. Nc3 Nc6 6. Ndb5 Bb4 7. a3 Bxc3+ 8. Nxc3 d5 9. exd5 exd5 10. Bd3 O-O 11.
O-O d4 12. Ne2 Bg4 13. f3 Bh5 14. Nf4 Bg6 15. Nxg6 hxg6 16. f4 Ne7 17. Qf3 Qb6
18. Bd2 Nf5 19. Rfe1 Rfe8 20. b4 Ne3 21. c4 a5 22. h3 Qc7 23. c5 Nh5 24. g3 Nf6
25. bxa5 Qxc5 26. Bb4 Qd5 27. Qxd5 Nexd5 28. Kf2 Re3 29. Rxe3 dxe3+ 30. Kf3 Rc8
31. Be1 Kf8 32. a6 bxa6 33. Bxa6 Ra8 34. Bc4 Ke7 35. a4 Kd6 36. a5 Kc5 37. Rc1
Kd6 38. Bb5 Ra7 39. Rc6+ Ke7 40. a6 Ne8 41. Bc4 Nec7 42. Ke4 Nf6+ 43. Kd4 Kd7
44. Rb6 Ra8 45. Ba5 Nfe8 46. Bb4 Nf6 47. Rd6+ Kc8 48. Kxe3 Rb8 49. Ba5 Rb1 50.
Rc6 Nfe8 51. Bxc7 Nxc7 52. a7 Ra1 53. Ba6+ Kd8 54. Rxc7 Rxa6 55. Rxf7 1-0

[Event "1er tournoi de Maîtres"]
[Site "Montigny le Bretonneux"]
[Date "2013.10.22"]
[Round "4.2"]
[White "Todorov, Todor"]
[Black "Rettore, Ludwig"]
[Result "1-0"]
[WhiteElo "2480"]
[BlackElo "2113"]
[Annotator "Rivier,Sylvain"]
[PlyCount "81"]
[EventDate "2013.??.??"]

{Défense sicilienne} 1. e4 c5 2. Nf3 e6 3. d4 cxd4 4. Nxd4 Nc6 5. Nxc6 bxc6 6.
Bd3 d5 7. O-O Nf6 8. Nd2 Qc7 9. Qe2 Bd6 10. h3 O-O 11. c4 Rb8 12. b3 Be5 13.
Rb1 a5 14. Nf3 dxe4 15. Bxe4 Nxe4 16. Qxe4 Bd6 17. Ng5 f5 18. Qe2 h6 19. Nf3 c5
20. Bb2 a4 21. Bc3 a3 22. Rbd1 Ra8 23. Be5 Bxe5 24. Nxe5 f4 25. Rfe1 Rf5 26.
Qd2 Bb7 27. Qd7 Qxd7 28. Rxd7 Rb8 29. f3 Ba8 30. Kf2 Kh7 31. Re2 Bb7 32. Rc7
Ba6 33. Rxc5 Rd8 34. Ra5 Bb7 35. Rxa3 Rd1 36. Ra7 Bc8 37. Rc7 Rf8 38. b4 Rb1
39. b5 Rd8 40. g3 fxg3+ 41. Kxg3 1-0

[Event "1er tournoi de Maîtres"]
[Site "Montigny le Bretonneux"]
[Date "2013.10.22"]
[Round "4.3"]
[White "Saada, Julien"]
[Black "Serafimov, Tervel"]
[Result "1-0"]
[WhiteElo "2332"]
[BlackElo "2438"]
[Annotator "Rivier,Sylvain"]
[PlyCount "87"]
[EventDate "2013.??.??"]

{Gambit dame} 1. d4 d5 2. c4 e6 3. Nc3 Nf6 4. cxd5 exd5 5. Bg5 Nbd7 6. e3 Be7
7. Bd3 O-O 8. Qc2 h6 9. Bh4 c5 10. Nge2 cxd4 11. Nxd4 Ne5 12. O-O Nxd3 13. Qxd3
Be6 14. Rfd1 Ng4 15. Bxe7 Qxe7 16. Nf3 Nf6 17. Rd2 Rac8 18. h3 Qb4 19. Nd4 a6
20. a3 Qe7 21. Rad1 Rfd8 22. Nde2 Rc4 23. Nf4 Qc7 24. Qe2 Rc5 25. Qf3 Rd7 26.
Rd4 Rc4 27. Nfxd5 Nxd5 28. Nxd5 Rxd5 29. Rxd5 Bxd5 30. Qxd5 Rc1 31. Qd2 Rxd1+
32. Qxd1 g6 33. Qd4 h5 34. g3 Qc1+ 35. Kg2 Qc6+ 36. e4 Qc2 37. b4 Qa4 38. Qd3
Qc6 39. Qd5 Qc3 40. Qxb7 Qxa3 41. Qa8+ Kg7 42. b5 a5 43. b6 Qb4 44. b7 1-0

[Event "1er tournoi de Maîtres"]
[Site "Montigny le Bretonneux"]
[Date "2013.10.22"]
[Round "4.5"]
[White "Moroni, Luca Jr"]
[Black "Valuet, Bertrand"]
[Result "0-1"]
[WhiteElo "2287"]
[BlackElo "2300"]
[Annotator "Rivier,Sylvain"]
[PlyCount "112"]
[EventDate "2013.??.??"]

{Ouverture anglaise, variante symétrique, système Rubinstein} 1. Nf3 c5 2. c4
Nf6 3. g3 Nc6 4. Bg2 d5 5. cxd5 Nxd5 6. Nc3 Nc7 7. d3 e5 8. O-O Be7 9. Be3 O-O
10. Na4 b6 11. a3 Rb8 12. Rb1 Na6 13. Nc3 Be6 14. Qa4 Qc8 15. Rfc1 Bd7 16. Nd5
Bd8 17. Qd1 Be6 18. Nc3 Qd7 19. Qa4 Nc7 20. b4 b5 21. Qd1 cxb4 22. axb4 Na6 23.
Ne4 Be7 24. Nc5 Bxc5 25. Bxc5 Rfc8 26. Qd2 f6 27. Qb2 Ne7 28. Nd2 Nd5 29. Ne4
Rc6 30. d4 exd4 31. Qxd4 Rd8 32. Rd1 Ndxb4 33. Qxd7 Rxd7 34. Bxb4 Nxb4 35. Rxd7
Bxd7 36. Nxf6+ gxf6 37. Bxc6 Nxc6 38. Rxb5 Kf7 39. e4 a5 40. Rb6 a4 41. f4 Ke7
42. Kg2 Nd4 43. Rb4 Nc2 44. Rb2 Bc6 45. Kf3 f5 46. Kf2 Bxe4 47. h3 a3 48. Ra2
Bd3 49. g4 Kd6 50. Kg3 Kc5 51. Kh4 Kb4 52. Kg5 Ne3 53. Ra1 Kb3 54. Re1 a2 55.
Rxe3 Kc4 56. Re1 Bb1 0-1

[Event "1er tournoi de Maîtres"]
[Site "Montigny le Bretonneux"]
[Date "2013.10.23"]
[Round "5.4"]
[White "Lamorelle, Julien"]
[Black "Van Dongen, Patrick"]
[Result "1-0"]
[WhiteElo "2326"]
[BlackElo "2339"]
[Annotator "Rivier,Sylvain"]
[PlyCount "73"]
[EventDate "2013.??.??"]

{Défense française, variante Winaver} 1. e4 e6 2. d4 d5 3. Nc3 Bb4 4. e5 Ne7 5.
Bd2 b6 6. Nf3 Ba6 7. Bxa6 Nxa6 8. Ne2 Bxd2+ 9. Qxd2 c5 10. c3 cxd4 11. cxd4 O-O
12. O-O Rc8 13. Rfc1 Qd7 14. a3 Rxc1+ 15. Rxc1 Rc8 16. Rxc8+ Qxc8 17. Qd3 h6
18. Nd2 Nb8 19. f4 Nbc6 20. b4 a6 21. Qc3 Na7 22. Kf2 Qc6 23. Qxc6 Nexc6 24.
Ke3 b5 25. Nb1 g5 26. fxg5 hxg5 27. h3 Kg7 28. g3 f6 29. exf6+ Kxf6 30. h4 gxh4
31. gxh4 Kf5 32. h5 Kg5 33. Kd3 Kxh5 34. Nf4+ Kg5 35. Nxe6+ Kf5 36. Nf8 Nb8 37.
Nc3 {suite illisible} 1-0

[Event "1er tournoi de Maîtres"]
[Site "Montigny le Bretonneux"]
[Date "2013.10.23"]
[Round "5.5"]
[White "Dionisi, Thomas"]
[Black "Saada, Julien"]
[Result "1/2-1/2"]
[WhiteElo "2323"]
[BlackElo "2332"]
[Annotator "Rivier,Sylvain"]
[PlyCount "137"]
[EventDate "2013.??.??"]

{Défense Caro-Kann, variante principale} 1. e4 c6 2. d4 d5 3. Nc3 dxe4 4. Nxe4
Bf5 5. Ng3 Bg6 6. h4 h6 7. Nf3 Nd7 8. h5 Bh7 9. Bd3 Bxd3 10. Qxd3 Qc7 11. Bd2
Ngf6 12. O-O-O e6 13. Ne4 O-O-O 14. g3 Nxe4 15. Qxe4 Nf6 16. Qe2 Bd6 17. c4 c5
18. Bc3 cxd4 19. Nxd4 a6 20. Kb1 Rhe8 21. Nf3 Qc5 22. Ne5 Bxe5 23. Bxe5 Ng4 24.
Bxg7 Nxf2 25. Rxd8+ Rxd8 26. Rf1 Qf5+ 27. Qc2 Qxh5 28. Bf6 Ng4 29. Bxd8 Ne3 30.
Qd3 Nxf1 31. Kc1 Qc5 32. Qxf1 Kxd8 33. Qxf7 Qxc4+ 34. Kb1 Qe4+ 35. Kc1 Qe3+ 36.
Kb1 Qg1+ 37. Kc2 Qc5+ 38. Kd2 Qg5+ 39. Kd1 Qd5+ 40. Kc1 h5 41. a3 Kc8 42. Qg8+
Kc7 43. Kb1 Kb6 44. Ka1 Ka7 45. Qe8 Qe5 46. Ka2 Qxg3 47. Qxh5 Qd6 48. Qh6 Qd5+
49. Kb1 Qd3+ 50. Kc1 e5 51. Qg5 Qd4 52. Kc2 Kb6 53. Qf6+ Kb5 54. b3 a5 55. Qf7
Kb6 56. Qe6+ Ka7 57. Qc8 a4 58. Qe6 e4 59. bxa4 Qxa4+ 60. Kd2 Qd4+ 61. Ke2 Qd3+
62. Ke1 e3 63. Qa2 Qg6 64. Qc4 Qg1+ 65. Qf1 Qxf1+ 66. Kxf1 Ka6 67. Ke2 Ka5 68.
Kxe3 Ka4 69. Kd4 1/2-1/2

[Event "1er tournoi de Maîtres"]
[Site "Montigny le Bretonneux"]
[Date "2013.10.24"]
[Round "6.1"]
[White "Guliyev, Namig"]
[Black "Valuet, Bertrand"]
[Result "0-1"]
[WhiteElo "2559"]
[BlackElo "2300"]
[Annotator "Rivier,Sylvain"]
[PlyCount "230"]
[EventDate "2013.??.??"]

{Partie espagnole, défense berlinoise ouverte} 1. e4 e5 2. Nf3 Nc6 3. Bb5 Nf6
4. O-O Nxe4 5. Re1 Nd6 6. Nxe5 Be7 7. Bf1 Nf5 8. Nf3 O-O 9. d4 d5 10. Nc3 Bb4
11. a3 Bxc3 12. bxc3 Nd6 13. Bg5 f6 14. Bf4 Na5 15. Bd3 Bg4 16. h3 Bh5 17. g4
Bf7 18. Nd2 Qd7 19. Nb3 Nxb3 20. cxb3 Rfe8 (20... Bg6 21. Bxg6 hxg6 22. Bxd6
Qxd6 23. Qd3 g5) 21. Qc2 g6 22. c4 Qc6 23. c5 Rxe1+ 24. Rxe1 Re8 25. Rxe8+ Nxe8
26. Qe2 Qe6 (26... Qd7) 27. Qxe6 Bxe6 28. Kg2 Bd7 29. f3 a6 30. h4 Ng7 31. Be3
Kf7 32. Kg3 h5 33. Bh6 Ne6 34. gxh5 gxh5 35. Be3 Ng7 36. Bf2 Bf5 37. Bf1 Bc2
38. b4 Ne6 39. Be3 c6 40. Kf2 Nc7 41. Bc1 Ne6 42. Ke3 Ng7 43. Kd2 Bg6 44. Kc3
Ke7 (44... Nf5 45. Bh3 Ke7) 45. Be3 Nf5 46. Bf2 Be8 47. Kb3 Kd8 48. Ka4 Kc7 49.
Ka5 Bd7 50. a4 Bc8 51. Be2 Bd7 52. Bd3 Bc8 53. b5 axb5 54. axb5 Bd7 55. bxc6
bxc6 56. Ka6 Bc8+ 57. Ka7 Be6 58. Be2 Bf7 59. Ba6 Be6 60. Bd3 Bc8 61. Bc2 Be6
62. Ba4 Bc8 63. Bc2 Be6 64. Bd3 Bc8 65. f4 Be6 66. Ba6 Bc8 67. Be2 Ng7 68. Be1
Bg4 69. Bf1 Nf5 70. Bf2 Ne7 71. Be1 Nf5 72. Bf2 Ne7 73. Bd3 Nf5 74. Ba6 Bf3 75.
Bb7 Be2 76. Be1 Nxd4 77. Ba5+ Kd7 78. Kb8 Nb3 79. Bc8+ Ke7 80. Bb4 d4 81. Kc7
d3 82. Ba6 Bf1 83. Kxc6 d2 84. Bxd2 Bxa6 85. Bc3 Nc1 86. Kd5 Nd3 87. Bd2 Nf2
88. c6 Ng4 89. Bb4+ Kf7 90. Ke4 Bc8 91. Bc5 Nh6 92. Bf2 Ke6 93. c7 Nf5 94. Be1
Nd6+ 95. Ke3 Nb5 96. Ba5 Kd6 97. Ke4 f5+ 98. Ke3 Nxc7 99. Bb4+ Kd5 100. Bc3 Kc4
101. Be5 Nd5+ 102. Kd2 Ba6 103. Ke2 Nc3+ 104. Ke3 Ne4 105. Bh8 Nc5 106. Bd4 Nd3
107. Bf6 Bb7 108. Bg7 Ne1 109. Kf2 Ng2 110. Kg3 Kd3 111. Bf8 Ne3 112. Kf2 Ke4
113. Bd6 Nd5 114. Kg3 Nc3 115. Kf2 Ba6 0-1

[Event "1er tournoi de Maîtres"]
[Site "Montigny le Bretonneux"]
[Date "2013.10.24"]
[Round "6.2"]
[White "Moroni, Luca Jr"]
[Black "Todorov, Todor"]
[Result "0-1"]
[WhiteElo "2287"]
[BlackElo "2480"]
[PlyCount "58"]
[EventDate "2013.??.??"]

{Ouverture anglaise, système hollandais} 1. Nf3 Nc6 2. c4 e5 3. Nc3 f5 4. d3
Nf6 5. g3 Bb4 6. a3 Bxc3+ 7. bxc3 O-O 8. Bg2 d6 9. O-O Qe8 10. Ne1 Qh5 11. f4
e4 12. Nc2 Re8 13. Ne3 Qf7 14. d4 Na5 15. d5 b6 16. Qc2 Qg6 17. Qa2 Ng4 18. Rb1
Ba6 19. Rb4 h5 20. Nc2 h4 21. gxh4 Qf7 22. Nd4 Bxc4 23. Qd2 Bxd5 24. h3 Nh6 25.
Rb5 Bc4 26. Rb1 c5 27. Nb5 Red8 28. Rd1 d5 29. a4 Bb3 0-1